La transición del feudalismo al capitalismo /
Guardado en:
| Autor Principal: | |
|---|---|
| Formato: | Libro |
| Publicado: |
España :
Artiach,
1973
|
| Edición: | 4a. ed. |
| Materias: | |
| Etiquetas: |
Agregar Etiqueta
Sin Etiquetas, Sea el primero en etiquetar este registro!
|
| LEADER | 00482nam a22001815a 4500 | ||
|---|---|---|---|
| 001 | CEM.cems006109 | ||
| 005 | 20060214000000.0 | ||
| 008 | 130507s1973##################000#0#####d | ||
| 003 | CEMS | ||
| 082 | 0 | 4 | |a 940.1 |
| 100 | 1 | |a Sweezy, P M | |
| 245 | 1 | 0 | |a La transición del feudalismo al capitalismo / |
| 250 | |a 4a. ed. | ||
| 260 | |a España : |b Artiach, |c 1973 | ||
| 300 | |a 149 p. | ||
| 653 | |a Feudalismo | ||
| 653 | |a Historia | ||
| 859 | |a CEMS |b BIB. CEMS - 11 de abril |h 940.1 |i Sw35a4 |p 3428.75 |t Ej.1 | ||
